| 000 | 00678cam a2200157ua 4500 | ||
|---|---|---|---|
| 041 |
_aeng _h |
||
| 082 |
_a648.523 _bIND/SP |
||
| 110 | 1 |
_aIndian standards Institution . _b _c() |
|
| 245 |
_aSpecification for Floor polishing machines / _cIndian standards Institution. _hTextual Documents |
||
| 250 |
_a1 / _b. |
||
| 260 |
_aNew Delhi : _bIndian Standards Institution , _c1965. |
||
| 300 | _a8 ; . | ||
| 504 | _a | ||
| 942 | _cBK | ||
| 999 |
_c3355 _d3355 |
||